A:lla alkavat Suomen kunnat - Statistics

Yleistilastot
  • Tätä visaa on pelattu 3 544 kertaa
  • Keskiarvotulos 6 / 7
Vastaustilastot
Maakunta Kunta % Oikein
Pirkanmaa Akaa
89%
Etelä-Pohjanmaa Alavus
84%
Etelä-Pohjanmaa Alajärvi
81%
Uusimaa Askola
79%
Päijät-Häme Asikkala
78%
Varsinais-Suomi Aura
76%
Pohjois-Pohjanmaa Alavieska
67%
Ehtoja vastaavia visoja ei löytynyt
Tulosjakauma
Jokaisen tuloksen saaneiden osuus
Persentiili vastausten määrän mukaan
Tuloshistoriasi
Et ole pelannut tätä visaa